000 00789nam a2200253Ia 4500
003 OSt
005 20220928131341.0
006 a|||||r|||| 00| 0
007 ta
008 220927b |||||||| |||| 00| 0 eng d
020 _c950
024 _a102337
037 _b450, 27/10/2009, Pioneer Book Distributors
_cTextual
040 _aSDCL
_cSDCL
_beng
041 _2eng
_aeng
082 _aWxN, P9
100 _aGiri Ananta Kumar Ed.
_9477776
245 0 _aModern prince and the modern sage
_b Transforming power and freedom.
260 _aNew Delhi
_bSage Publications
_c2009
300 _axxiv,598p
_ccm.
650 _aPolitical Science
942 _hWxN, P9
_cTEXL
_2CC
999 _c790286
_d790286